00673nam a2200157 a 450000100100000000500170001000800410002704000250006808200160009310000370010924501940014626000500034070000380039070000550042870000320048300003544920200930074342.0111031s1961 xxu 000 0 eng d aDO-SdBNPbspacBNPHU axxxxbM114d1 aDostoyevsky, Fyodor,d1821-1881.10aNotes from underground, white Nights , the dream of a rediculous man , and selections from the house of the dead /cDostoyevsky ; a new translation with an afterword by Andrew R. MacAndrew. aNew York, :bThe New American Library,c1961.12aDostoyevsky, Fyodortwhite Nights12aDostoyevsky, Fyodortthe dream of a rediculous man12aMacAndrew, Andrew R.d1911-